Hoạt động cho trẻ mầm non 5-6 tuổi
Salvato in:
| Autore principale: | |
|---|---|
| Natura: | Libro |
| Pubblicazione: |
H.
Giáo dục Việt Nam
2011
|
| Tags: |
Aggiungi Tag
Nessun Tag, puoi essere il primo ad aggiungerne! !
|
| Thư viện lưu trữ: | Mạng thư viện Đại học Đà Nẵng |
|---|
| LEADER | 00735nam a2200217 4500 | ||
|---|---|---|---|
| 001 | 000019699 | ||
| 003 | 16138 | ||
| 005 | 20150812150847.0 | ||
| 008 | 140814s2011 sd | ||
| 100 | 1 | |a Nguyễn Kim Chi | |
| 245 | 1 | 0 | |a Hoạt động cho trẻ mầm non 5-6 tuổi |c Nguyễn Kim Chi, Nguyễn Ngô Tráng Kiện |
| 260 | |a H. |b Giáo dục Việt Nam |c 2011 | ||
| 774 | |a Nguyễn Kim Chi |d Giáo dục |d H. |d 2011 |g Q.3 |h 36 tr. |t Chủ đề: Tết và mùa xuân, thế giới thực vật, giao thông |w 16139 | ||
| OWN | |a LSP | ||
| 999 | |a From the UDN01 | ||
| TYP | |a Monograph | ||
| TYP | |a Printed language | ||
| 980 | |a Mạng thư viện Đại học Đà Nẵng | ||